History Quiz

Random History or Clickable Quiz

History Books: The Subtitles Quiz Stats

 Plays Quiz Updated May 26, 2015

Support Sporcle.
Go Orange.
Score 0/15 Timer 04:00
2 Plays Today
% Correct
Catherine the Great
90.2%
Manhunt
86.7%
Under the Black Flag
85%
Bury My Heart at Wounded Knee
82.8%
The Girls of Atomic City
81.4%
Band of Brothers
79.5%
The Wall
79.3%
The Monuments Men
77.2%
% Correct
Rubicon
70.7%
Endurance
67.2%
American Lion
64.6%
Guns, Germs, and Steel
63.4%
At Home
59.2%
King Leopold's Ghost
50.9%
The Forgotten Man
34.7%

From the Vault

200 Year Quiz

by hscer

History 20m
A quiz a couple hundred of years in the making.
Remove Ads.
Support Sporcle.
Get the best of Sporcle when you Go Orange. This ad-free experience offers more features, more stats, and more fun while also helping to support Sporcle. Thank you for becoming a member.

Show Comments

Extras

Top Quizzes Today


Score Distribution

Your Account Isn't Verified!

In order to create a playlist on Sporcle, you need to verify the email address you used during registration. Go to your Sporcle Settings to finish the process.

Report this User

Report this user for behavior that violates our Community Guidelines.

Details: